| 000 | 00592nam a2200217 a 4500 | ||
|---|---|---|---|
| 001 | 65460 | ||
| 003 | BD-RjUL | ||
| 005 | 20211209081429.0 | ||
| 008 | 170306s1962 enka 001 0 eng d | ||
| 035 | _a(BD-RjUL)65590 | ||
| 040 |
_aDLC _cDLC _dBD-RjUL _beng |
||
| 041 | _aeng | ||
| 082 |
_223 _a960 _bOLS 1962 |
||
| 100 | 1 |
_aOliver, Roland _9193728 |
|
| 245 | 1 | 2 |
_aA short history of Africa / _cRoland Oliver |
| 260 |
_aHarmondsworth : _bPenguin Books, _c1962. |
||
| 300 |
_a279 p. : _bill. ; _c18 cm. |
||
| 500 | _aIncludes index. | ||
| 651 | 0 |
_aAfrica _xHistory. _9193366 |
|
| 942 |
_2ddc _cBK |
||
| 999 |
_c65460 _d65460 |
||